Evaluación técnica del reactor anaeróbico de flujo ascendente del complejo Jaco Beach
Đã lưu trong:
| Tác giả chính: | |
|---|---|
| Định dạng: | Sách |
| Được phát hành: |
San José, Costa Rica
1992
|
| Những chủ đề: | |
| Các nhãn: |
Thêm thẻ
Không có thẻ, Là người đầu tiên thẻ bản ghi này!
|
MARC
| LEADER | 00000nam a2200000Ia 4500 | ||
|---|---|---|---|
| 003 | 005486 | ||
| 005 | 20221231144322.0 | ||
| 008 | 140114s1992 cr a m 000 ||s d | ||
| 040 | |c cru CEDI | ||
| 090 | |a TFG 2619 | ||
| 100 | |a Vásquez Elizondo, Johnny |9 12390 | ||
| 245 | |a Evaluación técnica del reactor anaeróbico de flujo ascendente del complejo Jaco Beach | ||
| 260 | |c 1992 |a San José, Costa Rica | ||
| 300 | |a x, [291] hojas : ilustraciones ; 28 cm. | ||
| 500 | |a Proyecto de graduacion (licenciatura en ingenieria civil)--Universidad de Costa Rica. Facultad de Ingeniería. Escuela de Ingenieria Civil | ||
| 650 | |x BIODEGRADACION DE AGUAS RESIDUALES |9 12391 | ||
| 942 | |c TFG | ||
| 999 | |c 20078 |d 20078 | ||
